000 00520 a2200193 4500
001 002275
003 OSt
005 20220112153635.0
008
082 _a351.54
_bM98C
100 1 _aMuthuswamy
245 1 _aSwamy's compilation of central civil services conduct rules
_cby Muthuswamy and Brinda
260 _aChennai
_bSwamy Publishers
_c2009
300 _a215p.
630 _aPublic Administration
653 _aCentral Government Rules
700 _aBrinda
942 _2ddc
_cBK
999 _c58
_d58